Sterik, Edita. Mährische Exulanten in der erneuerten Brüderunität im 18. Jahrhundert. - Herrnhut : Herrnhuter Verl.. - 2012 [Rezension]
| Titel: | Sterik, Edita. Mährische Exulanten in der erneuerten Brüderunität im 18. Jahrhundert. - Herrnhut : Herrnhuter Verl.. - 2012 [Rezension] |
|---|---|
| Verfasser: | |
| In: |
Comenius-Jahrbuch, Band 19 (2011), Seite 227-229 alle Artikel anzeigen |
| Veröffentlicht: | 2011 [2012] |
| Format: | Aufsatz |
| Sprache: | Deutsch |
X
alg: 39506460 001A $01999:12-11-16 001B $06050:02-02-26 $t06:39:14.000 001D $01999:12-11-16 001U $0utf8 001X $00 002@ $0Aox 003@ $0395064600 007A $0395064600 $aHEB 007T $0Herdc0096221m 010@ $ager 011@ $a2011 $n2011 [2012] 021A $aSterik, Edita. Mährische Exulanten in der erneuerten Brüderunität im 18. Jahrhundert. - Herrnhut : Herrnhuter Verl.. - 2012 [Rezension] 028A $aStrobel $dNicole 031A $d19 $h227-229 $j2011 039B $aIn $8--Abvc--. Comenius-Jahrbuch. - Baden-Baden : Academia Verlag, 1993-. - ISSN 0945-313X $x201100000190000773 $9048643025 039T $8--Aau--Štěříková, Edita$Z1937- [Tp1]. Mährische Exulanten in der erneuerten Brüderunität im 18. Jahrhundert. - Herrnhut : Herrnhuter Verl., 2012. - 539 S. : Ill.. - ISBN 3-931956-38-5 $9387141189 045F $a900.94371 $eDDC23BSB 045F/01 $a900 045F/03 $g4371 045T $a1 $a5,3 045T $aTHEO $qDE-21 $2FID lok: 39506460 78 exp: 39506460 78 1 #EPN 201B/01 $026-11-17 $t03:56:34.000 201U/01 $0utf8 203@/01 $0791363244 208@/01 $a12-11-16 $be 209A/01 $a/ $f000 $x00 220C/01 $aTitelaufnehmer: pg 220C/01 $aHerkunft: HI Marburg 220C/01 $aAnmerkung: *ng 244Z/01 $#Tschechien $#Tschechische Republik $#Tschechien $#Tschechische Republik $#Tschechenland $#Tschechei Tschechien $#Česká Republika $#Czech Republic $#ČR $74303381-7 $8--Tg1--Tschechien $x01 $9086659812 244Z/01 $2Trx $#Böhmen $#Bohemia $#Czechy $8--Trx--Čechy $x02 $9391188941 244Z/01 $2Trx $#arvustused $#recenzijos $#Reviews $#recenziók $#recenzje $#recenzie $#recenze $8--Trx--Rezensionen $x03 $9391357441 247C/01 $82080>Marburg/Lahn, Herder-Institut, Forschungsbibliothek, Bibliographieportal $9336309341
| LEADER | 00000caa a22000002c 4500 | ||
|---|---|---|---|
| 001 | 395064600 | ||
| 003 | DE-603 | ||
| 005 | 20260202063914.0 | ||
| 007 | tu | ||
| 008 | 161112s2011 xx |||| | u00||u|ger c | ||
| 035 | |a (DE-599)HEB395064600 | ||
| 040 | |a DE-603 |b ger |c DE-603 |d DE-603 | ||
| 041 | |a ger | ||
| 082 | 0 | 4 | |8 1\u |a 900.94371 |q DE-101 |2 23/BSB |
| 084 | |a 1 |a 5,3 |2 ssgn | ||
| 084 | |a THEO |q DE-21 |2 fid | ||
| 085 | |8 1\u |b 900 | ||
| 085 | |8 1\u |z 2 |s 4371 | ||
| 100 | 1 | |a Strobel, Nicole | |
| 245 | 0 | 0 | |a Sterik, Edita. Mährische Exulanten in der erneuerten Brüderunität im 18. Jahrhundert. - Herrnhut : Herrnhuter Verl.. - 2012 [Rezension] |
| 264 | 0 | |c 2011 [2012] | |
| 773 | 0 | 8 | |i In |t Comenius-Jahrbuch |d Baden-Baden : Academia Verlag, 1993- |x 0945-313X |g Band 19 (2011), Seite 227-229 |w (DE-603)048643025 |w (DE-600)1180744-1 |
| 787 | 0 | 8 | |i Rezension von |a Štěříková, Edita, 1937- |t Mährische Exulanten in der erneuerten Brüderunität im 18. Jahrhundert |d Herrnhut : Herrnhuter Verl., 2012 |h 539 S. : Ill. |z 3931956385 |z 9783931956387 |w (DE-603)387141189 |
| 924 | 0 | |9 2080 |a (DE-603)791363244 |b DE-2080 |c HES |d d |g / | |


